| 000 | 00433nam a2200157 4500 | ||
|---|---|---|---|
| 001 | 123825 | ||
| 003 | ES-MaACL | ||
| 005 | 20230906192242.0 | ||
| 007 | t| | ||
| 008 | 070214s1971 xxu r ||||1| spa d | ||
| 100 | 1 |
_aQuirós, Beltrán de. _994789 |
|
| 245 | 1 | 4 |
_aLos unos, los otros y el seibo / _cBeltrán de Quirós. |
| 260 |
_aMiami : _bUniversal, _c1971. |
||
| 300 |
_a77 p. ; _c19 cm. |
||
| 852 |
_aES-MaACL _jC-44915 _bR.80216 |
||
| 999 |
_c123825 _d123825 |
||